000 02027aam a2200397 i 4500
001 768714001
003 CO-MdFUSB
005 20240806115357.0
007 ta
008 240805t1988 ck |||| |||| 00| 0 spa d
020 _a958-9039-20-0
040 _cCO-MdFUSB
041 0 _aspa
082 0 4 _a572
_223
_bM357
100 _aMarquínez Argote, Germán,
_eautor
245 1 0 _aEducación y cultura popular latinoamericana
_c/ Germán Marquínez Argote [... y otros siete autores]
250 _atercera edición
264 1 _bNueva América,
_aBogotá, Colombia :
_c[1988]
264 4 _c©1988
300 _a201 páginas
_c; 16 cm
336 _atexto
_btxt
_2rdacontent
337 _2rdamedia
_asin mediación
_bn
338 _2rdacarrier
_avolumen
_bnc
505 _aFenomenología de nuestra cultura en "Cien años de soledad" / Germán Marquínez Argote. -- Niveles de expresión de la cultura popular. / Luis José González Álvarez. -- Carácter dependiente de la cultura popular / Francisco Beltrán Peña. -- El concepto de pueblo / Eudoro Rodríguez Albarracín / Teresa Houghton Pérez. -- Cultura y educación en América Latina / Juan José Sanz Adrados. -- ¿Qué clase de cultura generan los medios de comunicación social? / Luis López Forero. -- Arte y cultura popular. / Luis José González Álvarez. -- Mito y cultura popular. Estudio de un caso típico de mitología latinoamericana actual: Tumaco (Colombia) / Roberto Salazar Ramos. -- Características de la religiosidad popular. / Teresa Houghton Pérez.
563 _aRústico
653 _aCultura popular
700 _aGonzález Alvarez, Luis José,
_91724
_eautor
700 _aBeltrán Peña, Francisco,
_94355
_eautor
700 _aRodríguez Albarracín, Eudoro ‎
_94359
_eautor
700 _aHoughton Pérez, Teresa,
_910468
_eautor
700 _aSanz Adrados, Juan José.
_94350
_eautor
700 _aLópez Forero, Luis,
_910469
_eautor
700 _aSalazar Ramos, Roberto J.
_94360
_eautor
942 _cBK
945 _aJTF-925
999 _c39947
_d39947